<?xml version="1.0" encoding="UTF-8"?>
<record
    xmlns:xsi="http://www.w3.org/2001/XMLSchema-instance"
    xsi:schemaLocation="http://www.loc.gov/MARC21/slim http://www.loc.gov/standards/marcxml/schema/MARC21slim.xsd"
    xmlns="http://www.loc.gov/MARC21/slim">

  <leader>00986nab a2200253uuc4500</leader>
  <controlfield tag="001">1303324</controlfield>
  <controlfield tag="005">20240404090704.0</controlfield>
  <controlfield tag="008">121027e20121005                    spa  </controlfield>
  <datafield tag="035" ind1=" " ind2=" ">
    <subfield code="a">1303324</subfield>
  </datafield>
  <datafield tag="040" ind1=" " ind2=" ">
    <subfield code="c">comduadb</subfield>
  </datafield>
  <datafield tag="041" ind1=" " ind2=" ">
    <subfield code="a">spa</subfield>
  </datafield>
  <datafield tag="100" ind1="1" ind2="0">
    <subfield code="a">Mesa Quintero, No&#xE9; Alejandro</subfield>
    <subfield code="4">aut</subfield>
    <subfield code="e">aut</subfield>
    <subfield code="9">444364</subfield>
  </datafield>
  <datafield tag="245" ind1="1" ind2="4">
    <subfield code="a">Una mala coordinaci&#xF3;n en las protecciones el&#xE9;ctricas puede producir apagones</subfield>
  </datafield>
  <datafield tag="650" ind1=" " ind2=" ">
    <subfield code="a">Protecci&#xF3;n el&#xE9;ctrica</subfield>
    <subfield code="9">31183</subfield>
  </datafield>
  <datafield tag="650" ind1=" " ind2=" ">
    <subfield code="a">Maestr&#xED;a en ingenier&#xED;a</subfield>
    <subfield code="9">26214</subfield>
  </datafield>
  <datafield tag="650" ind1=" " ind2=" ">
    <subfield code="a">Energ&#xED;a el&#xE9;ctrica</subfield>
    <subfield code="9">10136</subfield>
  </datafield>
  <datafield tag="650" ind1=" " ind2=" ">
    <subfield code="a">Coordinaci&#xF3;n de protecciones (Electricidad)</subfield>
    <subfield code="9">23605</subfield>
  </datafield>
  <datafield tag="650" ind1=" " ind2=" ">
    <subfield code="a">Fallas el&#xE9;ctricas</subfield>
    <subfield code="9">30456</subfield>
  </datafield>
  <datafield tag="650" ind1=" " ind2=" ">
    <subfield code="a">Cortocircuitos</subfield>
    <subfield code="9">28229</subfield>
  </datafield>
  <datafield tag="650" ind1=" " ind2=" ">
    <subfield code="a">Proyectos de investigaci&#xF3;n</subfield>
    <subfield code="9">14202</subfield>
  </datafield>
  <datafield tag="650" ind1=" " ind2="7">
    <subfield code="a">Algoritmos gen&#xE9;ticos</subfield>
    <subfield code="2">lemb</subfield>
    <subfield code="9">51515</subfield>
  </datafield>
  <datafield tag="773" ind1="0" ind2=" ">
    <subfield code="t">Impactos: una publicaci&#xF3;n del Sistema Informativo Ingeniemos: Suplemento de la Direcci&#xF3;n de investigaci&#xF3;n y Posgrados</subfield>
    <subfield code="g">N&#xFA;mero 01, Octubre 2012, p. 22-23</subfield>
    <subfield code="w">1302717</subfield>
    <subfield code="0">630824</subfield>
  </datafield>
  <datafield tag="942" ind1=" " ind2=" ">
    <subfield code="c">ARIMP</subfield>
  </datafield>
  <datafield tag="999" ind1=" " ind2=" ">
    <subfield code="c">636331</subfield>
    <subfield code="d">636331</subfield>
  </datafield>
</record>
